-
WARDE, SANGITA AND GANVIR, BALAKDAS
Entry Personal Name
Number of records used in: 1
001 - CONTROL NUMBER
003 - CONTROL NUMBER IDENTIFIER
005 - DATE AND TIME OF LATEST TRANSACTION
- control field:
20170909123758.0
008 - FIXED-LENGTH DATA ELEMENTS
- fixed length control field:
170909|| aca||aabn | a|a d
040 ## - CATALOGING SOURCE
- Original cataloging agency:
OSt
- Transcribing agency:
OSt
100 ## - HEADING--PERSONAL NAME
- Personal name:
WARDE, SANGITA AND GANVIR, BALAKDAS
670 ## - SOURCE DATA FOUND
- Source citation:
Work cat.: (OSt): WARDE, SANGITA AND GANVIR, BALAKDAS, TEXTBOOK OF AGRICULTURAL FINANCE AND COOPERATION, 2015